Transtorns nutritius del lactant / pels Drs. S. Goday i Casals ... i M. Carbonell i Juanico ...
Descripción Física:
2 v. : il. ; 22 cm
Colección:
Monografies mèdiques ; 62 i 63
Otros Autores:
Carbonell i Juanico, M.
Materias:
Nodrissons -- Malalties
MARC
| LEADER | 00000nam a2200000Ia 4500 | ||
|---|---|---|---|
| 001 | 9806, 9807 | ||
| 008 | 160829s1932 xx 000 0 cat d | ||
| 080 | |a C-2-117, C-2-118 | ||
| 100 | 1 | |a Goday i Casals, Salvador |d 1894-1960 |9 20858 | |
| 245 | |a Transtorns nutritius del lactant / pels Drs. S. Goday i Casals ... i M. Carbonell i Juanico ... | ||
| 260 | |a Barcelona : |b (Tip. Cosmos), |c 1932 | ||
| 300 | |a 2 v. : |b il. ; |c 22 cm | ||
| 490 | |a Monografies mèdiques ; 62 i 63 | ||
| 650 | |a Nodrissons |x Malalties |9 23887 | ||
| 700 | |a Carbonell i Juanico, M. |9 23888 | ||
| 901 | |a Arxiu | ||
| 942 | |n 1 | ||
| 952 | |0 0 |1 0 |4 0 |6 C2117_C2118 |7 1 |9 42907 |a Arxiu |b Arxiu |d 2016-12-01 |l 0 |o C-2-117, C-2-118 |p 9806, 9807 |r 2016-12-01 00:00:00 |w 2016-12-01 |y ARXIU | ||
| 999 | |c 45413 |d 45413 | ||